[Event "Chinese Chess League Men 2019"]
[Site "Daqing"]
[Date "2019.06.27"]
[Round "9.2"]
[White "Li, Chao b"]
[Black "Chen, Kailin"]
[Result "1-0"]
[WhiteElo "2698"]
[BlackElo "2073"]
[Annotator "TA"]
[PlyCount "131"]
[EventDate "2019.06.19"]
[EventType "team-tourn"]
[EventCountry "CHN"]
[SourceTitle "playchess.com"]
[Source "ChessBase"]
[SourceQuality "1"]

{[%evp 21,131,27,42,0,62,54,58,72,84,74,88,65,87,83,95,60,152,169,159,147,149,115,115,106,128,109,83,42,89,84,86,82,173,83,100,87,79,92,104,87,91,97,114,95,98,73,87,21,260,160,210,202,210,221,229,266,266,266,237,259,588,311,306,335,326,323,315,309,307,318,371,388,372,373,320,174,280,252,325,371,371,371,370,370,366,321,309,265,367,355,333,318,576,158,150,50,64,1,1,2,2,0,2,2,2,2,29979,29980,29980,29981,29981,29982]} 1. d4 d5 2. c4 e6 3. Nc3 Nf6 4. cxd5 exd5 5. Bg5 Be7 6. e3 c6 7. Bd3 O-O 8. Qc2 Nbd7 9. Nf3 Re8 10. h3 h6 11. Bf4 Nf8 12. O-O-O {D36: Queen's Gambit Declined: Exchange Variation: Main line (5 Bg5 c6 6 Qc2)} (12. O-O Be6 13. Bh2 N6d7 14. Rae1 Rc8 15. Nd2 c5 16. f4 f6 17. Nf3 Bf7 18. f5 a6 19. g4 b5 20. Qg2 c4 {1-0 (72) Khotenashvili,B (2477)-Vo,T (2354) Khanty-Mansiysk 2018}) 12... Bd6 (12... Bb4 $11) 13. Bxd6 $14 Qxd6 14. g4 {White is slightly better.} N6d7 15. Rhg1 $146 ({Predecessor:} 15. Kb1 a5 16. Rhg1 b5 17. Ne2 Ba6 18. g5 h5 19. g6 f6 20. Rc1 Rec8 21. Nf4 c5 22. dxc5 Nxc5 {1-0 (37) Froeschl,F (2203)-Prager,M (2043) Austria 2007}) 15... g6 16. h4 b5 17. Kb1 a5 18. Ne2 {[%cal Bc3e2,Be2g3,Bg3f5][%mdl 32]} Ba6 (18... Nb6 $14) 19. h5 $16 {Strongly threatening g5.} g5 20. Ng3 b4 21. Bxa6 Rxa6 22. Nf5 Qf6 23. Rc1 Ne6 24. Ne1 Kh8 25. Nd3 Ng7 26. Ng3 Qd6 (26... Rb6 $16) 27. Qd2 (27. f4 $1 $18) 27... Raa8 28. f4 f6 29. Rge1 Re7 30. Qc2 Rc8 31. Qa4 Qc7 32. Re2 Qb6 33. Qc2 Qb5 34. Nc5 (34. b3 $16) 34... Nf8 $2 (34... Nxc5 $11 35. dxc5 Rce8 36. fxg5 fxg5) 35. Rf1 {And now fxg5 would win.} Qb8 36. e4 {Hoping for e5.} gxf4 37. exd5 Qd6 38. Rxe7 $1 Qxe7 39. Nf5 ({Not} 39. Rxf4 Qe1+ 40. Qc1 Qxg3 $19) 39... Nxf5 40. Qxf5 {[%mdl 64] Double Attack} Rd8 $2 (40... Qh7 41. Qxh7+ (41. Rxf4 cxd5 42. Qxh7+ Nxh7 $16) 41... Kxh7 42. Rxf4 Kg7) 41. Qxf4 Rxd5 42. Qxf6+ Qxf6 43. Rxf6 $18 {[%mdl 4096] Endgame KRN-KRN} Kg7 44. Rf4 (44. Rxc6 Rxd4 45. Ra6 Rxg4 $16) 44... Rd6 45. Kc2 Ne6 46. Nxe6+ Rxe6 {KR-KR} 47. Kd3 Re1 48. Rf2 (48. Rf5 $142) 48... Rg1 (48... Ra1 {was worth a try.} 49. Kc2 Rg1) 49. Rc2 $1 Rg3+ 50. Kc4 $1 {[%cal Rc4c5]} Rxg4 {[#]} 51. Kc5 $1 Rf4 52. Rd2 Rf6 53. b3 Kf7 54. Rg2 Re6 55. Kb6 Rd6 56. Rg4 (56. Kxa5 Rxd4 57. Rc2 Rh4 $16) 56... Rd5 $2 (56... Rf6 57. Kxa5 Rf5+ 58. Kb6 (58. Kxb4 Rxh5 59. a4 Rd5 $16) 58... Rxh5 59. Kxc6 Ra5) 57. Rh4 $2 (57. Kxc6 $18 Rd8 58. d5 Rc8+ 59. Kb6) 57... Ke6 $16 {[#]} 58. Kxc6 (58. Rf4 $1 $16) 58... Rd6+ $14 59. Kc7 (59. Kc5 $14) 59... Kd5 $11 60. Rf4 {Rf5+ would kill now.} Rc6+ 61. Kd7 {aiming for Rf5+.} Rc2 62. Rf5+ Kxd4 63. Rxa5 Kc3 $2 {[%mdl 8192]} (63... Rg2 $11) 64. Rc5+ {White mates.} Kb2 65. Rxc2+ Kxc2 66. Kc6 {Accuracy: White = 58%, Black = 37%.} 1-0

[Event "Chinese Chess League Men 2019"]
[Site "Daqing"]
[Date "2019.06.27"]
[Round "9.2"]
[White "Li, Chao b"]
[Black "Chen, Kailin"]
[Result "*"]
[WhiteElo "2698"]
[BlackElo "2073"]
[Annotator "TA"]
[PlyCount "40"]
[EventDate "2019.06.19"]
[EventType "team-tourn"]
[EventCountry "CHN"]
[SourceTitle "playchess.com"]
[Source "ChessBase"]
[SourceQuality "1"]

{[%evp 9,10,7,12]} 1. d4 d5 2. c4 e6 3. Nc3 Nf6 4. cxd5 exd5 5. Bg5 Be7 {Predecessor:} 6. e3 $146 c6 7. Bd3 Nbd7 8. Nge2 Nf8 9. Qc2 Ne6 10. Bh4 g6 11. f3 b5 12. O-O O-O 13. Rad1 Re8 14. Qd2 a5 15. Bf2 Bd7 16. Rc1 Rc8 17. Rfe1 b4 18. Na4 c5 19. Nxc5 Nxc5 20. dxc5 Rxc5 {0-1 (56) Lenderman,A (2637)-Abasov,N (2627) Astana 2019} *

[Event "Chinese Chess League Men 2019"]
[Site "Daqing"]
[Date "2019.06.27"]
[Round "9.3"]
[White "Zhao, Juncheng"]
[Black "Xiu, Deshun"]
[Result "0-1"]
[WhiteElo "1998"]
[BlackElo "2538"]
[Annotator "TA"]
[PlyCount "62"]
[EventDate "2019.06.19"]
[EventType "team-tourn"]
[EventCountry "CHN"]
[SourceTitle "playchess.com"]
[Source "ChessBase"]
[SourceQuality "1"]

{[%evp 9,62,4,14,0,0,0,0,0,0,0,15,-7,0,-22,-23,-45,-1,-145,-125,-139,-143,-145,-154,-134,-129,-133,-143,-358,-379,-563,-563,-562,-502,-547,-528,-537,-537,-571,-560,-549,-568,-562,-521,-621,-579,-647,-628,-666,-647,-680,-678,-786,-779,-661,-634]} 1. e4 c5 2. c3 d5 3. exd5 Qxd5 4. d4 g6 5. Be3 (5. Nf3 Bg7 6. Na3 cxd4 7. Bc4 Qe4+ 8. Be3 Nh6 9. Bd3 Qd5 10. Bc4 Qe4 11. Bd3 Qd5 12. Bc4 Qa5 13. Bb5+ Nc6 14. Nxd4 O-O 15. Nxc6 bxc6 {0-1 (38) Papp,G (2603)-Matlakov,M (2700) Caleta 2019}) 5... Nf6 6. dxc5 {B22: Sicilian: 2 c3} Qxd1+ 7. Kxd1 Ng4 8. Nd2 $146 {The position is equal.} ({Predecessor:} 8. Bb5+ Bd7 9. Na3 Bg7 10. Nf3 O-O 11. Ke2 Nxe3 12. fxe3 a6 {½-½ (59) Turner,J (2362)-Duchateau,T (2012) Pardubice 2013}) 8... Nxe3+ 9. fxe3 Bh6 10. e4 Nd7 11. Bb5 O-O 12. b4 Rd8 13. Bxd7 (13. Ngf3 $11 {keeps the balance.}) 13... Bxd7 14. Ngf3 {[#]} a5 $1 15. Kc2 {[#]} axb4 $1 16. cxb4 Bg7 $36 {[%mdl 2048] Black is really pushing.} 17. Nb3 Bc6 18. Nfd2 $2 (18. e5 $17) 18... Bb5 $19 19. Na5 (19. Rhc1 {was worth a try.}) 19... b6 {Black is clearly winning.} 20. cxb6 Rac8+ 21. Ndc4 Bxc4 22. Nxc4 Bxa1 23. Kb3 Rd3+ 24. Ka4 Rxc4 25. Rxa1 Rc6 26. Ka5 {b7 would now be nice for White.} Rdd6 27. b5 Rxb6 28. a4 Rb8 29. Kb4 Rd4+ 30. Kc5 Rxe4 31. Ra2 Kf8 {Accuracy: White = 23%, Black = 82%.} 0-1

[Event "Chinese Chess League Men 2019"]
[Site "Daqing"]
[Date "2019.06.27"]
[Round "9.4"]
[White "Yuan, Qingyu"]
[Black "Xie, Kaifan"]
[Result "1-0"]
[WhiteElo "2355"]
[BlackElo "1969"]
[Annotator "RC"]
[PlyCount "99"]
[EventDate "2019.06.19"]
[EventType "team-tourn"]
[EventCountry "CHN"]
[SourceTitle "playchess.com"]
[Source "ChessBase"]
[SourceQuality "1"]
[TimeControl "5400+30"]

1. Nf3 {[%emt 0:00:00]} Nf6 {[%emt 0:00:00]} 2. c4 {[%emt 0:00:00]} e6 {[%emt 0:01:05]} 3. Nc3 {[%emt 0:00:00]} d5 {[%emt 0:01:44]} 4. d4 {[%emt 0:00:00]} Bb4 {[%emt 0:02:56]} 5. Qa4+ {[%emt 0:01:19]} Nc6 {[%emt 0:01:42]} 6. e3 {[%emt 0:00:44]} O-O {[%emt 0:01:39]} 7. Bd2 {[%emt 0:03:53]} Bd7 {[%emt 0:07:54]} 8. Qc2 {[%emt 0:01:25]} Ne7 {[%emt 0:03:37]} 9. a3 {[%emt 0:07:39]} Bxc3 {[%emt 0:00:40]} 10. Bxc3 {[%emt 0:00:12]} dxc4 {[%emt 0:01:53]} 11. Bxc4 {[%emt 0:00:16]} Bc6 {[%emt 0:00:34]} 12. Qe2 {[%emt 0:01:32]} Ne4 {[%emt 0:01:13]} 13. Rc1 {[%emt 0:06:21]} Nxc3 {[%emt 0:03:33]} 14. Rxc3 {[%emt 0:00:08]} Nf5 {[%emt 0:00:15]} 15. O-O {[%emt 0:01:18]} Bxf3 {[%emt 0:09:07]} 16. Qxf3 {[%emt 0:00:14]} c6 {[%emt 0:00:06]} 17. Bd3 {[%emt 0:04:39]} Ne7 {[%emt 0:01:18]} 18. b4 {[%emt 0:06:56]} Rc8 {[%emt 0:01:16]} 19. Rfc1 {[%emt 0:01:00]} Qd7 {[%emt 0:02:44]} 20. h4 {[%emt 0:01:49]} h6 {[%emt 0:05:28]} 21. Qe4 {[%emt 0:02:20]} f5 {[%emt 0:02:49]} 22. Qe5 {[%emt 0:04:50]} Qd5 {[%emt 0:03:31]} 23. Qf4 {[%emt 0:01:13]} Kh8 {[%emt 0:01:34]} 24. b5 {[%emt 0:11:33]} Qd7 {[%emt 0:03:22]} 25. bxc6 {[%emt 0:02:14]} Rxc6 {[%emt 0:01:54]} 26. Bb5 {[%emt 0:01:18]} Nd5 {[%emt 0:04:44]} 27. Bxc6 {[%emt 0:00:21]} bxc6 {[%emt 0:00:33]} 28. Qe5 {[%emt 0:00:59]} Nxc3 {[%emt 0:00:36]} 29. Rxc3 {[%emt 0:00:05]} Rc8 {[%emt 0:00:50]} 30. a4 {[%emt 0:04:47]} Kg8 {[%emt 0:00:52]} 31. a5 {[%emt 0:01:54]} Kf7 {[%emt 0:05:17]} 32. Rb3 {[%emt 0:03:22]} Qc7 {[%emt 0:08:13]} 33. Qc5 {[%emt 0:01:40]} Rb8 {[%emt 0:03:52]} 34. Rxb8 {[%emt 0:02:06]} Qxb8 {[%emt 0:02:05]} 35. Qxc6 {[%emt 0:00:07]} Qb1+ {[%emt 0:00:13]} 36. Kh2 {[%emt 0:00:04]} Qa2 {[%emt 0:03:40]} 37. Qc7+ {[%emt 0:00:06]} Kf6 {[%emt 0:01:04]} 38. Kg3 {[%emt 0:01:51]} Qe2 {[%emt 0:00:36]} 39. Qxa7 {[%emt 0:07:16]} Qg4+ {[%emt 0:00:21]} 40. Kh2 {[%emt 0:00:06]} Qxh4+ {[%emt 0:00:13]} 41. Kg1 {[%emt 0:00:04]} Qg4 {[%emt 0:01:08]} 42. g3 {[%emt 0:00:26]} Qd1+ {[%emt 0:01:35]} 43. Kg2 {[%emt 0:00:02]} Qb1 {[%emt 0:02:21]} 44. Qa8 {[%emt 0:00:08]} Qb5 {[%emt 0:02:34]} 45. a6 {[%emt 0:00:44]} Qa4 {[%emt 0:03:03]} 46. Qb7 {[%emt 0:00:10]} g5 {[%emt 0:00:38]} 47. a7 {[%emt 0:00:04]} h5 {[%emt 0:00:33]} 48. a8=Q {[%emt 0:00:06]} Qxa8 {[%emt 0:00:05]} 49. Qxa8 {[%emt 0:00:03]} h4 {[%emt 0:00:04]} 50. Qf8+ {[%emt 0:00:11]} 1-0

[Event "Chinese Chess League Men 2019"]
[Site "Daqing"]
[Date "2019.06.27"]
[Round "9.5"]
[White "Bai, Jinshi"]
[Black "Xu, Xiangyu"]
[Result "1/2-1/2"]
[WhiteElo "2606"]
[BlackElo "2583"]
[Annotator "TA"]
[PlyCount "51"]
[EventDate "2019.06.19"]
[EventType "team-tourn"]
[EventCountry "CHN"]
[SourceTitle "playchess.com"]
[Source "ChessBase"]
[SourceQuality "1"]

{[%evp 11,51,11,10,6,34,18,29,0,25,14,10,0,0,-19,-6,-8,-5,-8,0,-2,-2,0,0,0,0,0,0,0,0,0,0,0,0,0,0,0,0,0,0,0,0,0]} 1. d4 d5 2. Nf3 Nf6 3. c4 c6 4. g3 g6 5. Bg2 Bg7 6. cxd5 cxd5 7. Ne5 {D73: Fianchetto Grünfeld: 5 Nf3} Ne4 (7... O-O 8. Nc3 Bf5 9. O-O Ne4 10. Bf4 Nxc3 11. bxc3 Nc6 12. Nxc6 bxc6 13. Qa4 e6 14. Qxc6 Rc8 15. Qa4 Rxc3 16. Rfc1 Rxc1+ 17. Rxc1 Qb6 18. e3 {½-½ (39) Ding,L (2812)-Carlsen,M (2845) Shamkir 2019}) 8. Nd2 Nf6 9. Nb1 {White has an edge.} Ne4 10. O-O Nd7 {The position is equal.} 11. Nxd7 Bxd7 12. Qb3 $146 ({Predecessor:} 12. Nd2 Nxd2 13. Bxd2 {½-½ (11) Razuvaev,Y (2585)-Azmaiparashvili,Z (2620) Reggio Emilia 1996}) 12... Bc6 13. Rd1 e6 14. Nc3 Nxc3 15. Qxc3 O-O 16. b3 Rc8 17. Ba3 Re8 18. Qd2 b6 19. e3 h5 20. Rac1 Qd7 21. h4 Bb5 22. Bb4 Ba6 23. Bc3 Bf8 24. Bb4 Bg7 25. Bc3 Bf8 26. Bb4 {Accuracy: White = 60%, Black = 75%.} 1/2-1/2

[Event "Chinese Chess League Men 2019"]
[Site "Daqing"]
[Date "2019.06.27"]
[Round "9.6"]
[White "Li, Di"]
[Black "Xu, Yi"]
[Result "1/2-1/2"]
[WhiteElo "2535"]
[BlackElo "2526"]
[Annotator "TA"]
[PlyCount "67"]
[EventDate "2019.06.19"]
[EventType "team-tourn"]
[EventCountry "CHN"]
[SourceTitle "playchess.com"]
[Source "ChessBase"]
[SourceQuality "1"]

{[%evp 9,67,21,17,22,26,26,26,25,32,34,37,37,33,32,30,32,34,34,27,30,37,22,25,7,17,5,8,0,0,-8,-8,-12,0,-4,-5,-22,-18,-15,-21,-28,-30,-39,-24,-24,0,-6,0,-24,0,0,0,0,0,-33,-27,-25,0,-44,0,0]} 1. d4 Nf6 2. c4 e6 3. Nf3 d5 4. Nc3 a6 5. cxd5 exd5 6. Bg5 {D37: Queen's Gambit Declined: 5 Bf4} Be6 7. e3 Nbd7 8. Bd3 {White has an edge.} Bd6 (8... h6 9. Bf4 g5 10. Bg3 Nh5 11. Be5 Nhf6 12. Bg3 Nh5 13. Ne2 Nxg3 14. Nxg3 {1-0 (61) Leko,P (2679)-Caruana,F (2832) Germany 2019}) 9. O-O c6 10. Bf4 Qc7 11. Bxd6 Qxd6 12. h3 O-O 13. Rc1 h6 $146 ({Predecessor:} 13... Qe7) 14. Qc2 Qe7 15. Nd2 Ne8 16. Nb3 Nd6 17. Ne2 Nf6 18. Ng3 Nfe4 19. Ne2 Bf5 20. Nc5 Rae8 21. Bxe4 Bxe4 22. Qc3 h5 23. a4 g5 24. Qb4 Bg6 25. Rc3 Rb8 26. a5 h4 27. Rcc1 Kg7 28. b3 f6 29. Nc3 Rbe8 30. Rfe1 Rf7 31. Qb6 Nc8 32. Qb4 Nd6 33. Qb6 Nc8 (33... g4 $5) 34. Qb4 {Accuracy: White = 59%, Black = 67%.} 1/2-1/2

[Event "Chinese Chess League Men 2019"]
[Site "Daqing"]
[Date "2019.06.27"]
[Round "9.7"]
[White "Lou, Yiping"]
[Black "Liu, Guanchu"]
[Result "1-0"]
[WhiteElo "2482"]
[BlackElo "2462"]
[Annotator "TA"]
[PlyCount "79"]
[EventDate "2019.06.19"]
[EventType "team-tourn"]
[EventCountry "CHN"]
[SourceTitle "playchess.com"]
[Source "ChessBase"]
[SourceQuality "1"]

{[%evp 14,79,8,12,33,18,27,18,41,35,50,39,102,53,90,74,83,81,81,83,112,67,68,33,17,25,24,34,56,42,98,73,89,90,269,270,273,141,160,159,144,143,143,99,86,98,172,164,184,125,124,110,133,107,127,103,123,123,125,128,252,242,242,237,251,245,319,313]} 1. d4 Nf6 2. c4 e6 3. Nc3 Bb4 4. e3 b6 5. Nge2 Ba6 6. a3 Bxc3+ 7. Nxc3 d5 8. b3 Nc6 {E45: Nimzo-Indian: Rubinstein: 4...b6 5 Ne2 Ba6} 9. Be2 dxc4 10. O-O $146 ({Predecessor:} 10. bxc4 Na5 11. Qa4+ Qd7 12. Nb5 c6 13. Nc3 Rc8 14. c5 Bxe2 15. Nxe2 Qd5 16. Nf4 {1-0 (48) Zhou,J (2616)-Liu,G (2459) Xinghua 2018}) 10... Qd7 {The position is equal.} 11. a4 Na5 12. Rb1 $1 {Strongly threatening b4.} c5 ({Black should try} 12... Bb7 $14) 13. Ba3 Nb7 14. bxc4 O-O 15. Nb5 Rfc8 16. Qd3 Na5 17. Rfd1 cxd4 18. Qxd4 (18. Qc2 {is interesting.} Nc6 19. Nxd4 Nxd4 20. Rxd4 Qe8 21. Bf3) 18... Qxd4 19. Rxd4 (19. Nxd4 Bxc4 20. Bf3 Bd5 $15) 19... e5 20. Rdd1 h6 21. Rdc1 Bb7 (21... Ne4 $14) 22. Nd6 $16 Rc7 23. c5 bxc5 $2 {[#]} (23... Bd5 $16) 24. Bb4 $1 $18 {[%cal Rb4a5][%mdl 512]} Nc6 (24... cxb4 25. Rxc7) 25. Rxc5 ({But not} 25. Bxc5 $6 Nd8 $16) (25. Be1 $1 $18) 25... Rd8 26. Rcc1 Rcd7 27. Nxb7 Rxb7 28. Be1 Rxb1 29. Rxb1 Rd5 (29... e4 $16 {was worth a try.}) 30. Rc1 $1 {[%cal Rc1c6]} Ne7 31. h3 (31. Bb5 $1 $18) 31... Rd7 $16 32. g4 Rb7 33. Bf3 e4 34. Be2 Ng6 35. Bb5 Nh4 36. Ba5 a6 (36... Rb8 $16 37. Kh2 Nf3+ 38. Kg3 Ng5) 37. Bxa6 $18 Ra7 {[#]} 38. Rc6 $1 Nf3+ 39. Kg2 Ne5 {[#]} 40. Rd6 $1 {Accuracy: White = 69%, Black = 35%.} 1-0

[Event "Chinese Chess League Men 2019"]
[Site "Daqing"]
[Date "2019.06.27"]
[Round "9.8"]
[White "Zhao, Yuanhe"]
[Black "Xu, Yining"]
[Result "1/2-1/2"]
[WhiteElo "2444"]
[BlackElo "2359"]
[Annotator "TA"]
[PlyCount "94"]
[EventDate "2019.06.19"]
[EventType "team-tourn"]
[EventCountry "CHN"]
[SourceTitle "playchess.com"]
[Source "ChessBase"]
[SourceQuality "1"]

{[%evp 14,94,29,22,39,0,8,0,0,1,7,8,14,-34,-29,-27,-4,-16,51,44,90,94,89,41,34,60,57,43,76,72,111,107,190,182,177,158,212,170,193,170,225,147,168,48,49,39,100,98,114,27,61,81,76,46,145,141,171,106,157,212,164,96,233,227,221,16,14,12,12,12,12,12,12,16,16,12,12,12,12,12,12,12,12]} 1. Nf3 f5 2. g3 Nf6 3. Bg2 g6 4. O-O Bg7 5. d4 O-O 6. c4 d6 7. Nc3 c6 8. b3 Na6 {A88: Dutch Defence: Leningrad System: 5 Nf3 0-0 6 0-0 d6 7 Nc3 c6} 9. Qc2 Nb4 10. Qd2 e5 $146 ({Predecessor:} 10... a5 11. Bb2 Ne4 12. Nxe4 fxe4 13. Ng5 d5 14. a3 Na6 15. f3 h6 16. Nh3 exf3 17. exf3 dxc4 18. bxc4 {0-1 (52) Cheparinov,I (2682)-Bartel,M (2641) Dubai 2014}) 11. dxe5 dxe5 12. Nxe5 Qa5 13. f4 {Na4 is the strong threat.} Rd8 $1 {[%cal Rd8d2]} 14. Qb2 Nd7 15. a3 Qb6+ ({Black should play} 15... Nxe5 $11 16. fxe5 (16. axb4 Qb6+ 17. Kh1 Ng4 $15) 16... Qxe5) 16. Kh1 $14 Nxe5 17. fxe5 {aiming for Na4.} Na6 18. Bf4 Be6 19. Na4 $36 {[%mdl 2048] White fights for an advantage.} Qa5 20. Rae1 Rac8 21. e4 b5 22. Nc3 {Hoping for cxb5.} bxc4 (22... b4 $16) 23. exf5 $18 gxf5 24. b4 Qb6 (24... Qc7 $16 {is a better defense.} 25. Ne2 Rd3) 25. Be3 c5 26. Qc1 Rd3 (26... Kh8 $142 27. Bh6 Rg8) 27. Na4 Qb5 {[#]} 28. Nxc5 (28. Bh6 $1 $18 {[%cal Rh6g7]} Rc7 29. Nb2 (29. Bxg7 Rxg7 30. Nb2 Rd4 $11)) 28... Nxc5 $14 29. Bxc5 h6 (29... c3 $14) 30. Rf2 a5 {[#]} 31. Rc2 (31. Bf1 $1 $16) 31... Rxc5 32. bxc5 Qxc5 33. Rc3 (33. g4 $5 fxg4 34. Rd2 Rxd2 35. Qxd2 $16) 33... Qd4 (33... Bf8 $14) 34. Rxd3 $16 cxd3 35. Qd2 ({Better is} 35. Qc6 $18 Kf7 36. Qb7+ Qd7 37. Qf3) 35... a4 (35... Bf8 $142) 36. Rd1 Bc4 37. e6 (37. Qf4 $18 Qxf4 38. gxf4) 37... Qd6 (37... Bf8 $16 {was called for.}) 38. Qe3 $18 {Threatens to win with e7.} Bf8 39. g4 $2 (39. Bf3 $18) 39... fxg4 $11 {The position is equal.} 40. Qe4 (40. Be4 {looks sharper.} Qxe6 41. Rxd3 Bc5 42. Rd8+ Kf7 43. Qf4+) 40... Qxe6 41. Qxe6+ Bxe6 42. Rxd3 {[%mdl 4096] Endgame KRB-KB} Kf7 43. Bc6 Bb3 44. Rd4 Bxa3 45. Bxa4 Be6 46. Bd7 Bxd7 47. Rxd7+ Kg6 {Accuracy: White = 45%, Black = 43%.} 1/2-1/2

[Event "Chinese Chess League Men 2019"]
[Site "Daqing"]
[Date "2019.06.27"]
[Round "9.9"]
[White "Ma, Qun"]
[Black "Wei, Yi"]
[Result "1/2-1/2"]
[WhiteElo "2626"]
[BlackElo "2741"]
[Annotator "TA"]
[PlyCount "63"]
[EventDate "2019.06.19"]
[EventType "team-tourn"]
[EventCountry "CHN"]
[SourceTitle "playchess.com"]
[Source "ChessBase"]
[SourceQuality "1"]

{[%evp 14,63,15,14,23,14,20,22,22,20,27,29,38,24,24,28,23,25,27,21,28,27,33,30,39,0,8,0,0,0,2,0,0,-5,0,0,0,3,6,4,5,4,10,0,0,0,0,0,0,0,0,0]} 1. d4 Nf6 2. c4 e6 3. Nf3 d5 4. Nc3 Bb4 5. Bg5 h6 6. Bxf6 Qxf6 7. Qa4+ Nc6 8. e3 O-O {D38: Queen's Gambit Declined: Ragozin Defence (4 Nf3 Bb4)} 9. Be2 Bd7 {[#] Threatens to win with ...Nxd4.} (9... dxc4 10. Bxc4 e5 11. O-O exd4 12. Nd5 Qd6 13. Nxb4 Qxb4 14. Qxb4 Nxb4 15. Nxd4 Bd7 16. a3 {1-0 (49) Duda,J (2738)-Vidit,S (2695) chess.com INT 2019}) 10. Qb3 dxc4 11. Qxc4 Bd6 12. O-O Qg6 13. Rfd1 $146 ({Predecessor:} 13. Rac1 Na5 14. Qd3 Qxd3 15. Bxd3 Nc6 {½-½ (30) Lou,Y (2485)-Xu,Y (2536) Xingtai 2018}) 13... Na5 14. Qd3 Qxd3 $1 15. Bxd3 Nc6 16. Rac1 Rfd8 17. Be2 Rac8 18. Nd2 e5 19. Nc4 (19. d5 {is more complex.} Ne7 20. Nc4 a6 21. Ne4 Bf5 22. f3) 19... exd4 {The position is equal.} 20. Nxd6 cxd6 21. exd4 Ne7 22. f3 Kf8 23. Kf2 Rc7 24. Nb5 Rxc1 25. Rxc1 Rc8 26. Rxc8+ Nxc8 $11 {[%mdl 4096] Endgame KBN-KBN} 27. Nc3 Nb6 28. d5 Na4 29. Nd1 Nb6 30. Nc3 Na4 31. Nd1 Nb6 32. Nc3 {Accuracy: White = 77%, Black = 74%.} 1/2-1/2

[Event "Chinese Chess League Men 2019"]
[Site "Daqing"]
[Date "2019.06.27"]
[Round "9.9"]
[White "Ma, Qun"]
[Black "Wei, Yi"]
[Result "*"]
[WhiteElo "2626"]
[BlackElo "2741"]
[Annotator "TA"]
[PlyCount "31"]
[EventDate "2019.06.19"]
[EventType "team-tourn"]
[EventCountry "CHN"]
[SourceTitle "playchess.com"]
[Source "ChessBase"]
[SourceQuality "1"]

{[%evp 4,4,27]} 1. d4 Nf6 2. c4 e6 {Predecessor:} 3. Nc3 $146 Bb4 4. a3 Bxc3+ 5. bxc3 b6 6. f3 Nc6 7. e4 Ba6 8. Bg5 h6 9. Bh4 Na5 10. e5 g5 11. Bf2 Nh5 12. c5 Bxf1 13. Kxf1 d6 14. exd6 cxd6 15. h4 gxh4 16. Rxh4 {½-½ (44) Carlsen,M (2861)-Ding,L (2805) Cupar 2019} *

[Event "Chinese Chess League Men 2019"]
[Site "Daqing"]
[Date "2019.06.27"]
[Round "9.10"]
[White "Xu, Jun"]
[Black "Xiang, Zeyu"]
[Result "0-1"]
[WhiteElo "2481"]
[BlackElo "2432"]
[Annotator "TA"]
[PlyCount "124"]
[EventDate "2019.06.19"]
[EventType "team-tourn"]
[EventCountry "CHN"]
[SourceTitle "playchess.com"]
[Source "ChessBase"]
[SourceQuality "1"]

{[%evp 14,124,16,15,22,1,11,5,9,19,15,0,0,0,0,0,0,0,0,-10,0,0,0,-41,-24,-65,-68,-54,-65,-84,-77,-93,-86,-127,-127,-114,-122,-95,-98,-117,-105,-111,-112,-112,-106,-105,-97,-99,-95,-112,-101,-115,-107,-110,-121,-114,-104,-91,-16,-15,-16,-16,-16,-16,-16,-16,-16,-19,-16,-61,-61,-61,-61,-61,-61,-61,-61,-141,-140,-135,-123,-123,-122,-309,-296,-466,-456,-389,-110,-117,0,-416,-395,-260,-258,-875,-842,-485,-100,-104,-104,-5343,-4841,-29966,-29965,-12814,-1933,-1757,-1502,-7733,-7691,-7700,-7700]} 1. c4 e6 2. g3 d5 3. Bg2 d4 4. Nf3 c5 5. O-O Nc6 6. e3 Nf6 7. exd4 cxd4 8. d3 Bd6 {A13: English Opening: 1...e6} 9. Bg5 h6 10. Bxf6 $1 Qxf6 {The position is equal.} 11. Nbd2 ({Predecessor:} 11. a3 a5 12. Nbd2 Qe7 13. Re1 {½-½ (26) Gabuzyan,H (2556)-Huschenbeth,N (2590) Rockville 2018}) 11... Qe7 12. Re1 $146 (12. a3 a5 13. Ne4 Bc7 14. b4 axb4 15. axb4 Rxa1 16. Qxa1 Qxb4 {0-1 (43) Maghsoodloo,P (2673)-Matlakov,M (2692) Sharjah 2019}) 12... O-O 13. a3 a5 $1 14. Rc1 Rd8 15. Ne4 Bc7 16. c5 Bd7 17. Qe2 a4 18. Nfd2 Na5 19. Nc4 Nb3 20. Rc2 Bc6 21. f4 Bxe4 ({Much weaker is} 21... Nxc5 $6 22. Nxc5 Qxc5 23. Ne5 $14) 22. Bxe4 Nxc5 23. Bf3 Rac8 24. f5 b5 25. Nd2 Ba5 26. fxe6 Nxe6 27. Rec1 Rxc2 28. Rxc2 Bxd2 29. Qxd2 Ng5 30. Bg2 Qe3+ 31. Kf1 Ne6 32. Qe2 Qg5 33. Bf3 g6 34. Kf2 Re8 35. h4 Qd8 ({Black should try} 35... Qf6 $17 {Strongly threatening ...Ng7.} 36. Rc6 Qd8) 36. Qe5 $1 $11 Ng5 37. Qd5 {Black must now prevent Qxd8.} Nxf3 38. Qxd8 Rxd8 39. Kxf3 {[%mdl 4096] Endgame KR-KR} Re8 {Threatens to win with ...Re3+.} 40. Rc5 Re3+ 41. Kf2 b4 42. Rc4 bxa3 43. bxa3 Rxd3 44. Rxa4 Kg7 45. Rb4 ({Better is} 45. Ra6 $15) 45... Kf6 $17 46. a4 Ke5 $1 47. Rb7 f6 $1 48. Re7+ $2 (48. Rb5+ $17 Ke4 49. Rb6) 48... Kf5 $1 $19 49. a5 (49. Rd7 $142 Ke6 50. Rd8) 49... Ra3 50. Rd7 Ra4 $2 (50... Ke4 $19 {...Ra2+ is the strong threat.} 51. Re7+ Kd3) 51. Kf3 $17 Ra3+ $2 {[%mdl 8192]} (51... Ke5 $17 52. Re7+ Kd5) 52. Kf2 $19 Ke4 53. Re7+ Kd3 54. Re6 $2 (54. Ra7) 54... Rxa5 55. g4 {[#]} h5 $2 (55... Ra2+ $1 $19 {has better winning chances.} 56. Kf3 Ra3 57. Rxf6 Kc2+ 58. Kf2 d3) 56. Rxf6 $17 {[#]} g5 $1 {[%cal Rg5h4]} 57. Rf5 $2 {[%mdl 8192]} (57. gxh5 $17 gxh4 {[%mdl 64] Discovered Attack} 58. h6) 57... Ra2+ $19 ({Weaker is} 57... Rxf5+ 58. gxf5 Kc3 59. f6 $11 (59. hxg5 d3 $11)) 58. Kf1 gxh4 59. Rxh5 Rh2 (59... Ke3 $142 60. Rxh4 Ra1+ 61. Kg2 d3 62. Rh3+ Ke4) 60. g5 Rh3 61. g6 Rg3 62. Rxh4 Rxg6 {Accuracy: White = 45%, Black = 67%.} 0-1